000 00687nam a2200241 i 4500
999 _c4051
_d4051
001 2708869
003 GBCCL
005 20241126110509.0
008 780502s1977 tnu b 000 0 eng
010 _a 76057507
020 _a0805452532
040 _aDLC
_cDLC
_dDLC
050 0 0 _aBV4501.2
_b.I73
082 0 0 _a248.4861
_bISH
100 1 _aIshee, John A.
_97803
245 1 0 _aTo possess a dream /
_cJohn A. Ishee.
260 _aNashville :
_bBroadman Press,
_cc1977.
300 _a127 p. ;
_c18 cm.
504 _aIncludes bibliographical references.
650 0 _aChristian life
_xBaptist authors.
_9223
906 _a7
_bcbc
_corignew
_d2
_eocip
_f19
_gy-gencatlg
942 _2ddc
_cBK
_01